<?xml version="1.0" encoding="UTF-8"?>
<record
    xmlns:xsi="http://www.w3.org/2001/XMLSchema-instance"
    xsi:schemaLocation="http://www.loc.gov/MARC21/slim http://www.loc.gov/standards/marcxml/schema/MARC21slim.xsd"
    xmlns="http://www.loc.gov/MARC21/slim">

  <leader>00814nac a22001931u 4500</leader>
  <controlfield tag="008">090318s2003    xxu||||| |||| 00| 0 ara d</controlfield>
  <datafield tag="010" ind1=" " ind2=" ">
    <subfield code="a">2002332494</subfield>
  </datafield>
  <datafield tag="020" ind1=" " ind2=" ">
    <subfield code="a">977090807X</subfield>
  </datafield>
  <datafield tag="035" ind1=" " ind2=" ">
    <subfield code="a">(CStRLIN)DCLN02-B2843</subfield>
  </datafield>
  <datafield tag="082" ind1=" " ind2=" ">
    <subfield code="a">320.956</subfield>
    <subfield code="b">&#x647;&#x640; &#x64A; &#x643;</subfield>
  </datafield>
  <datafield tag="245" ind1="1" ind2="0">
    <subfield code="a">:&#x643;&#x644;&#x627;&#x645; &#x641;&#x64A; &#x627;&#x644;&#x633;&#x64A;&#x627;&#x633;&#x629;</subfield>
    <subfield code="p">&#x646;&#x647;&#x627;&#x64A;&#x627;&#x62A; &#x637;&#x631;&#x642;: &#x627;&#x644;&#x639;&#x631;&#x628;&#x64A; &#x627;&#x644;&#x62A;&#x627;&#x626;&#x647; 2001 /</subfield>
    <subfield code="c">&#x645;&#x62D;&#x645;&#x62F; &#x62D;&#x633;&#x646;&#x64A;&#x646; &#x647;&#x64A;&#x643;&#x644;</subfield>
  </datafield>
  <datafield tag="250" ind1=" " ind2=" ">
    <subfield code="a">&#x637; 4 </subfield>
  </datafield>
  <datafield tag="260" ind1=" " ind2=" ">
    <subfield code="a">&#x627;&#x644;&#x642;&#x627;&#x647;&#x631;&#x629; :</subfield>
    <subfield code="b">&#x627;&#x644;&#x645;&#x635;&#x631;&#x64A;&#x629; &#x644;&#x644;&#x646;&#x634;&#x631; &#x627;&#x644;&#x639;&#x631;&#x628;&#x649; &#x648;&#x627;&#x644;&#x62F;&#x648;&#x644;&#x649; &#x60C;2002</subfield>
    <subfield code="c">2002</subfield>
  </datafield>
  <datafield tag="300" ind1=" " ind2=" ">
    <subfield code="a">290 &#x635; &#x61B;</subfield>
    <subfield code="c">24 &#x633;&#x645;.</subfield>
  </datafield>
  <datafield tag="520" ind1=" " ind2=" ">
    <subfield code="a">Arab countries; politics and government; Arab-Israeli conflict; 21st century.</subfield>
  </datafield>
  <datafield tag="650" ind1=" " ind2=" ">
    <subfield code="9">13399</subfield>
    <subfield code="a">&#x627;&#x644;&#x646;&#x632;&#x627;&#x639; &#x627;&#x644;&#x639;&#x631;&#x628;&#x64A; &#x627;&#x644;&#x625;&#x633;&#x631;&#x627;&#x626;&#x64A;&#x644;&#x64A;</subfield>
  </datafield>
  <datafield tag="651" ind1=" " ind2=" ">
    <subfield code="9">21469</subfield>
    <subfield code="a">&#x627;&#x644;&#x639;&#x627;&#x644;&#x645; &#x627;&#x644;&#x639;&#x631;&#x628;&#x64A;</subfield>
    <subfield code="x">&#x627;&#x644;&#x623;&#x62D;&#x648;&#x627;&#x644; &#x627;&#x644;&#x633;&#x64A;&#x627;&#x633;&#x64A;&#x629;</subfield>
  </datafield>
  <datafield tag="942" ind1=" " ind2=" ">
    <subfield code="c">BB</subfield>
    <subfield code="k">320.956 &#x647;&#x640; &#x64A; &#x643;</subfield>
    <subfield code="2">ddc</subfield>
  </datafield>
  <datafield tag="999" ind1=" " ind2=" ">
    <subfield code="c">3769</subfield>
    <subfield code="d">3769</subfield>
  </datafield>
  <datafield tag="952" ind1=" " ind2=" ">
    <subfield code="0">0</subfield>
    <subfield code="1">0</subfield>
    <subfield code="2">ddc</subfield>
    <subfield code="4">0</subfield>
    <subfield code="7">0</subfield>
    <subfield code="8"> </subfield>
    <subfield code="a">MAIN</subfield>
    <subfield code="b">MAIN</subfield>
    <subfield code="c">1ST</subfield>
    <subfield code="d">2007-05-17</subfield>
    <subfield code="e">purchase</subfield>
    <subfield code="g">25.00</subfield>
    <subfield code="o">320.956 &#x647;&#x640; &#x64A; &#x643;</subfield>
    <subfield code="p">000030070</subfield>
    <subfield code="r">2025-07-15 00:00:00</subfield>
    <subfield code="s">2009-11-16</subfield>
    <subfield code="v">31.25</subfield>
    <subfield code="y">BB</subfield>
  </datafield>
</record>
